| 000 | 00862nab a2200253 u 4500 | ||
|---|---|---|---|
| 001 | 10611 | ||
| 003 | HDC | ||
| 007 | cr bn ---aaaaa | ||
| 008 | 210205c20130514my dr|nes 0 a may d | ||
| 040 | _aHDC | ||
| 100 |
_aNas Norziela Nasbah, _eauthor _910891 |
||
| 245 | 0 |
_aSME Bank anjur Program Inovasi Usahawan Muda / _cby Nas Norziela Nasbah |
|
| 260 |
_aKuala Lumpur : _bNew Straits Times Press (M) Bhd., _c2013 |
||
| 336 |
_atext _2rdacontent |
||
| 337 |
_acomputer _2rdamedia |
||
| 338 |
_aonline resource _2rdacarrier |
||
| 650 |
_aEntrepreneur _91863 |
||
| 650 |
_aEntrepreneurship _9209 |
||
| 710 | _aBerita Harian | ||
| 856 | _zRequest full-text at [email protected] | ||
| 942 | _2lcc | ||
| 942 | _cNEWS | ||
| 942 | _kNWSC 003878 | ||
| 999 |
_c7934 _d7934 |
||